[Event "Moscow Aeroflot op-A"]
[Site "Moscow"]
[Date "2007.02.21"]
[Round "8"]
[White "Kosintseva, Tatiana"]
[Black "Berg, Emanuel"]
[Result "0-1"]
[WhiteElo "2474"]
[BlackElo "2586"]
[Annotator "Berg,E"]
[PlyCount "66"]
[EventDate "2007.02.14"]
[EventType "swiss"]
[EventRounds "9"]
[EventCountry "RUS"]
[SourceTitle "CBM 117"]
[Source "ChessBase"]
[SourceDate "2007.03.30"]
[SourceVersion "1"]
[SourceVersionDate "2007.03.30"]
[SourceQuality "1"]

1. e4 e6 2. d4 d5 3. Nc3 Bb4 4. e5 Qd7 $5 {An interesting move that I have met
with White two times and lost both. Therefore I found it as a good test to try
the variation from the other side of the board. The main idea of this move is
to be able to meet Qg4 with ...f5 and to wait with the pawnbreak ...c5.} 5. a3
{Perhaps this is an unnecessary loss of tempi. The immediate} (5. Qg4 {is an
interesting alternative.}) 5... Bxc3+ 6. bxc3 b6 {[%csl Gc4][%cal Yb8c6,Yc6a5,
Ya5c4,Rc8a6,Ra6f1] Black's plan is in principle very easy. The light squared
bishops should be exchanged and then the black knights should control the
light squares, especially c4.} 7. Qg4 f5 {One of the main ideas behind ....Qd7.
} 8. Qg3 {White keeps the queen on the g-file not to allow Black to develop
his kingside.} Ba6 9. Bxa6 Nxa6 {The first goal is now reached. The next step
is to transfer the knight from a6 to c4, which takes quite some time. However,
the position is rather closed and so losses of tempo is not that serious.
Black should mainly watch out for the pawn-break c3-c4 followed by d4-d5,
which at some point might be really dangerous.} 10. Ne2 {The Knight heads for
f4. An alternative is to play} ({An alternative is to play} 10. Qd3 Nb8 11. c4
{and at least White will get rid of his doubled c-pawn. The drawback is that
the pressure against g7 is gone and Black can develop his kingside with ...Ne7
alternatively start with ...Nc6.}) 10... Nb8 $1 {The Knight is now on the way
to c4 via c6 and a5.} 11. h4 $6 {White gains some space on the kingside,
hoping for counterplay there in exchange for the c4-aquare that now will be
totally controlled by Black.} ({A very interesting possibility was} 11. Nf4 $1
{with the idea Nxe6. It might follow} Nc6 (11... g6 {means a far too serious
weakness for Black after} 12. h4 {and is not worth thinking about.}) 12. Nxe6
Qxe6 13. Qxg7 {The rook on h8 will go lost, but what happens with the white
queen.} O-O-O (13... Qg6 14. Qxh8 Nd8 (14... Qxg2 15. Rf1 O-O-O 16. Qxh7 Qe4+
17. Be3 Qxc2 18. Rc1 Qd3 {gives Black some counterplay, but it's far from
enough as it's basically only one piece in the attack.}) 15. e6 $1 {and the
queen escapes to e5.}) 14. Qxh8 Qg6 15. O-O Rd7 (15... Re8 16. h4 $1 {White
now threatens h5 and the queen will come out via g7.}) 16. Re1 $1 h5 {
threatens ...Rh7 winning the queen.} 17. e6 Rh7 18. e7 {the only move, but
also a winning one. Now the queen gets out via e5 or the e7-pawn will queen.
With this variations in mind it seems as Black must find improvments earlier
and 11.Nf4 is definitely the critical test.}) 11... Nc6 {Now Black is on the
road again and regardless the development problems on the kingside he has a
very sound position.} 12. h5 O-O-O 13. Bg5 (13. h6 {is met by} gxh6 ({After} 
13... g6 $2 14. Bg5 Rf8 15. Nf4 {Black has big problems to develop his
kingside as White will always meet ...Nge7 with Bf6 followed by Nf4-h3-g5
winning the h7-pawn. Therefore Black must play on the queenside with} Na5 {
but at best he can count on a draw by closing blocking the queenside with ...
Nc4 and then just play waiting moves. However, White is most probably able to
create something. One interesting idea is to double the rooks on the e-file
and then play Bf6.}) 14. Bxh6 Nge7 {and Black gets some play along the g-file.}
) 13... Rf8 14. Nf4 ({Here} 14. h6 {is met by} Rf7) 14... Nh6 $1 {A strong
move. Black accepts a double h-pawn, but gets active counterplay on the g-file.
In case White doesn't take on h6 Black can just play ...Nf7 and after that the
pawnbreak h6 can always be met with g6 as the knight on f7 protects the
g5-aquare for the white knight.} 15. Bxh6 gxh6 16. Qd3 Kb7 17. a4 ({During the
game I started to think about how to meet.} 17. Qb5 {Black wins a pawn after}
Nxe5 18. Qxd7 Nxd7 {but it's not at all that clear. The e6-pawn will become
weak and if it falls even other pawns will start falling. It might follow} 19.
O-O-O {and at least White has full compensation for the pawn. Of course, there
is no need to accept the pawn sacrifice, but in that case it is a point to
play Qb5 activating the queen and annoying the black king.}) 17... Na5 18. Ke2
({After} 18. Qb5 {Black can play} Qxb5 19. axb5 Re8 {followed by ...Re7, ...
Rc8 and ...c6 opening the c-file.}) 18... a6 $6 {An unnecessary weakening. My
idea was to stop Qb5, but there were no need for that as the endgame is good
for Black. Better was} (18... Rc8 $1 {with the idea ...c5 and the b6-pawn will
not be weak as in the game.}) 19. Rhb1 Rhg8 20. g3 Ka7 {The king must go away
from th b-file to make it possible to push ...c5, which also is the only try
Black has if he want to win the game. Otherwise the position is far too closed
to do anything constructive.} 21. Kf1 {White tries to put the king into safety,
but as far as the game opens up it will not go safe anywhere. However, there
might be useful having the e2-square for the queen.} ({In case of} 21. Rb4 {
thre is} c5 22. dxc5 bxc5 23. Rbb1 Nc4 {with a clear advantage to Black. White
is unable to create any counterplay against the black king as the strong
knight on c4 keeps all the important key squares.}) 21... Rc8 22. Rb4 {This is
just helping Black and gives him some tempo. Anyway it is hard for White to
find a good way to continue.} c5 23. Rbb1 (23. dxc5 bxc5 24. Rbb1 Nc4 {doesn't
make it any better for White.}) 23... Rc6 24. dxc5 Rxc5 ({Also} 24... bxc5 {
was possible, but then Black will need to go back with the rook to c8 later on
loosing some time.}) 25. Qe3 Nc4 26. Qd4 a5 $1 {After having closed the
position on the queenside all White's chances of counterplay is gone. The sad
thing is that the knight on c4 now doesn't have any available square to go to
for the moment. It should not be a big problem though having it so actively
placed. White will also have a problem to control all the retreat squares for
the rest of the game as Black soon will start to build up an attack on the
kingside.} 27. Nd3 Rc6 28. Qf4 $2 {After this move the win is getting much
closer for Black. Now the white pieces are in the way for each other. Instead
White should wait and play} ({Instead White should continue} 28. Nf4 {
according to waiting-strategy, trying to hold the block as long as possible.
Black should be able to manouevre and get the knight out anyway, for instance}
Qc7 29. Re1 Rc8 {followed by ...Q7 with the threats of ...Na3 and ...Nb2. The
white position simply has too many weaknesses. However, this should have been
tried as here is still some good technice needed before having the point in
the hand.}) 28... Rg5 29. Kg2 Qg7 $1 ({Of course not} 29... Rxh5 30. Rh1 {
and White gets counterplay. The closing of the h-pawns clearly favours Black
and should be used in a better way.}) 30. Re1 Rg4 31. Qc1 Rc8 {Now ...Rg8 is a
threat with mating attack and White is lost.} 32. Qd1 f4 33. Qe2 (33. Qf3 Nd2 {
also wins for Black.}) 33... Rg8 $1 {No need to hurry taking on g3. Now it
might also be possible to take with the rook in some variations. In extreme
time trouble and lack of good moves White resigned.} (33... fxg3 34. f3 {
is unnecessary and White can hold on for a few extra moves.}) 0-1

[Event "Olympiad-39"]
[Site "Khanty-Mansiysk"]
[Date "2010.09.23"]
[Round "3.1"]
[White "Kamsky, Gata"]
[Black "Morovic Fernandez, Ivan"]
[Result "1-0"]
[WhiteElo "2705"]
[BlackElo "2580"]
[Annotator "CB"]
[PlyCount "71"]
[EventDate "2010.09.21"]
[EventType "team-swiss"]
[EventRounds "11"]
[EventCountry "RUS"]
[SourceTitle "CBM 139"]
[Source "ChessBase"]
[SourceDate "2010.11.18"]
[SourceVersion "1"]
[SourceVersionDate "2010.11.18"]
[SourceQuality "1"]
[WhiteTeam "US of America"]
[BlackTeam "Chile"]
[WhiteTeamCountry "USA"]
[BlackTeamCountry "CHI"]
[TimeControl "40/5400+30:1800+30"]

1. e4 e6 2. d4 d5 3. Nc3 Bb4 4. e5 Ne7 5. a3 Bxc3+ 6. bxc3 b6 {Black's main
alternative to the ...c5 lines, the idea being to solve the Bc8 quandry.} 7.
Qg4 Ng6 8. a4 {A rare continuation though. 8.h4 is the usual path.} Ba6 9. Bxa6
Nxa6 10. h4 h5 11. Qe2 Nb8 12. Bg5 Qd7 13. a5 Nc6 14. axb6 cxb6 15. Qf3 {
By playing the queen to f3 instead of Nf3, White keeps the h5 pawn under fire,
making kingside castling impossible.} Nge7 16. Ne2 O-O-O {Very risky and
putting the king under fire.} (16... Na5 {was certainly worth consideration,
though if it does not work out, then something earlier will need to be found.}
17. O-O Nf5 18. Nf4 g6 19. Bf6 Rf8 {This may not look great for black, but the
alternative is queenside castling which came under heavy attack in the game.})
17. Nf4 g6 18. O-O Kb7 19. Rfb1 Rb8 {#} 20. c4 $1 Nxd4 ({The alternative} 20...
dxc4 {was no better.} 21. Bxe7 Qxe7 22. Ne2 Rhc8 (22... Qd7 23. Nc3 Qxd4 $2 24.
Nb5 Qd7 25. Rxa7+) 23. Nc3 a6 24. d5 $1 Nxe5 25. Qe4 Qd6 26. Rxa6 $3 Kxa6 27.
Ra1+ Kb7 28. Ra7+ Kxa7 29. Nb5+ Ka6 30. Nxd6 $18) 21. Qa3 Nec6 22. c3 $1 Nf5
23. cxd5 exd5 24. Rb5 Ka8 25. Nxd5 Na5 26. Qb4 Qc6 {#} 27. Nxb6+ $3 {Kamsky
misses nothing in this game, and delivers surgically precise shots throughout.}
Rxb6 (27... axb6 28. Raxa5+ bxa5 29. Rxa5+ Qa6 30. Rxa6#) 28. Qxa5 Rb7 29. Rxb7
Qxb7 30. Bd8 Kb8 {#} 31. e6 $1 {Threatening Qe5+ winning the rook.} Re8 32.
Bc7+ $1 Kc8 (32... Qxc7 33. Qb5+ Qb7 34. Qxe8+) 33. exf7 Rf8 34. Re1 Rxf7 35.
Re8+ Kd7 36. Rd8+ 1-0

[Event "Interpolis"]
[Site "Tilburg"]
[Date "1992.10.11"]
[Round "2.1"]
[White "Short, Nigel D"]
[Black "Rogers, Ian"]
[Result "0-1"]
[WhiteElo "2680"]
[BlackElo "2565"]
[Annotator "Chandler,M"]
[PlyCount "76"]
[EventDate "1992.10.08"]
[EventType "k.o."]
[EventRounds "7"]
[EventCountry "NED"]
[SourceTitle "CBM 032"]
[Source "ChessBase"]
[SourceDate "1993.02.01"]
[SourceVersion "1"]
[SourceVersionDate "1993.02.01"]
[SourceQuality "1"]

1. e4 e6 2. d4 d5 3. Nc3 Bb4 4. e5 Ne7 5. a3 Bxc3+ 6. bxc3 b6 7. Nh3 $5 Ng6 8.
f4 $1 c5 9. Bb5+ Bd7 10. Be2 $1 (10. Bd3 Qh4+ 11. g3 (11. Nf2 Nxf4) 11... Qxh3
12. Bf1 Qf5 13. Bd3 Qh3 14. Bf1 $10) 10... Qh4+ 11. Nf2 Nc6 (11... Nxf4 $2 12.
g3 Ng2+ 13. Kf1 $18) 12. g3 Qe7 13. h4 f5 14. h5 Nf8 15. a4 Na5 16. g4 fxg4 $6
(16... Bc6 17. Qd3 Qf7 18. Qh3 Rg8 $1 19. Bd3 g6 $13 {Rogers,I}) 17. Nxg4 Bc6
18. O-O $6 (18. Qd3 O-O-O 19. f5 $14) 18... O-O-O 19. Qe1 g6 20. h6 Nd7 21. Ne3
Rhf8 22. Qg3 Bb7 23. Ba3 Rf7 24. Qg5 $1 Qf8 $6 25. Rab1 $6 (25. c4 $1 dxc4 26.
d5 Qe7 27. Qxe7 Rxe7 28. d6 $16) 25... Kb8 26. dxc5 Nxc5 27. Bxc5 bxc5 28. Qg3
$2 (28. Ng4 Rf5 29. Qh4 $13) (28. Bg4 $5) 28... Qxh6 29. Rb5 Nc6 30. Rxc5 Qf8
31. Rb5 Qa3 $1 32. Ng4 $2 Nd4 $1 33. Bd3 Nxb5 34. axb5 Qxc3 35. Nf6 Rdf8 36.
Kh2 Ka8 37. Qf2 g5 $1 38. Rb1 (38. fxg5 Qxe5+) 38... Rxf6 {Time} (38... Rxf6
39. exf6 Rxf6 $19) 0-1

[Event "URS-ch44 Final"]
[Site "Moscow"]
[Date "1976.12.14"]
[Round "12"]
[White "Tseshkovsky, Vitaly"]
[Black "Smyslov, Vassily V"]
[Result "0-1"]
[WhiteElo "2550"]
[BlackElo "2580"]
[Annotator "ChessBase"]
[PlyCount "66"]
[EventDate "1976.11.27"]
[EventType "tourn"]
[EventRounds "17"]
[EventCountry "URS"]
[EventCategory "12"]
[SourceTitle "URS-ch"]
[Source "ChessBase"]
[SourceDate "1999.07.01"]
[SourceVersion "1"]
[SourceVersionDate "1999.07.01"]
[SourceQuality "1"]

1. e4 e6 2. d4 d5 3. Nc3 Bb4 4. e5 Ne7 5. a3 Bxc3+ 6. bxc3 b6 7. Qg4 Nf5 $6 8.
Bd3 $16 h5 9. Qh3 c5 (9... g5 10. g4 Nh4 11. Nf3 (11. gxh5 f5 12. exf6 Qxf6 13.
Qg4 Rg8 14. f4 {Gligoric}) 11... Nxf3+ 12. Qxf3 h4 13. Qe3 Rg8 14. f4 gxf4 15.
Qxf4 Ba6 16. Rf1 Qe7 17. a4 $1 {Matulovic-Krstev Zagreb 1961}) 10. Nf3 Qc7 11.
O-O Nc6 12. a4 cxd4 13. Bxf5 $1 exf5 14. Qg3 Kf8 15. Rd1 $1 $16 h4 16. Nxh4
Qxe5 17. Bf4 Qf6 18. Nf3 Qg6 19. Qxg6 fxg6 20. cxd4 Bd7 21. Re1 Re8 22. c4 dxc4
23. d5 Na5 24. Ne5 Rxe5 25. Bxe5 Kf7 26. Bxg7 Rc8 27. Bc3 Nb3 28. d6 Be6 29.
Rad1 Nc5 30. Bb4 Nd3 31. Re3 Nxb4 32. Rh3 Nd3 33. Rh7+ Kf6 0-1

[Event "URS-ch44 Final"]
[Site "Moscow"]
[Date "1976.11.29"]
[Round "3"]
[White "Geller, Efim P"]
[Black "Karpov, Anatoly"]
[Result "1-0"]
[WhiteElo "2620"]
[BlackElo "2695"]
[Annotator "ChessBase"]
[PlyCount "83"]
[EventDate "1976.11.27"]
[EventType "tourn"]
[EventRounds "17"]
[EventCountry "URS"]
[EventCategory "12"]
[SourceTitle "URS-ch"]
[Source "ChessBase"]
[SourceDate "1999.07.01"]
[SourceVersion "1"]
[SourceVersionDate "1999.07.01"]
[SourceQuality "1"]

1. e4 e6 2. d4 d5 3. Nc3 Bb4 4. e5 Qd7 5. Nf3 b6 6. Bd2 $5 (6. Bd3) 6... Ba6 7.
Bxa6 Nxa6 8. O-O (8. a3 Bf8 9. Qe2 Nb8 10. Nd1 $5 {Pytel}) (8. Qe2) 8... Nb8 (
8... Bxc3 $5 9. Bxc3 Ne7 $14 {Geller}) (8... Bf8) (8... c6) 9. Ne2 $1 $14 {
Geller} Be7 $2 (9... Bxd2 10. Qxd2 $14 {Geller 76}) (9... Bf8) 10. Rc1 $1 $16 {
Geller} b5 {"Very weakening, but if c4 comes, White's attack would be very
hard to meet." (Hartston 78)} 11. Nf4 $1 h5 (11... Nh6 12. Nh5 Nf5 13. g4 $16 {
Geller}) 12. b3 (12. a4 $5 a6 (12... bxa4 13. c4 $1 $16 {Geller}) 13. axb5 axb5
14. Ra1 $16 {Geller}) 12... Ba3 13. Rb1 a5 $2 (13... Ne7 $2 14. b4) (13... Be7
$5) 14. c4 $1 $16 c6 (14... bxc4 $143 15. bxc4 dxc4 16. d5 (16. Qe2 Qc6 17. d5
exd5 18. Nd4 {(Hartston 78)}) 16... exd5 17. e6 $18 {(Geller 76)} fxe6 18. Ne5
{(Hartston 78)}) 15. c5 Bb4 16. Bc1 $1 a4 $1 17. Nd3 (17. a3 $5 Ba5 18. bxa4
bxa4 19. Qxa4 Qa7 20. Bd2 Bc7 21. Rxb8+ Qxb8 22. Qxc6+ Kf8 23. Ng5 $18 {
(Geller 76)}) 17... Ba5 18. bxa4 bxa4 19. Qxa4 $18 Qa7 20. Bg5 Bc7 (20... Qa6
21. Rb3 Ne7 22. Rfb1 Nd7 23. Ra3 $18 {(Geller 76)}) 21. Rxb8+ $1 Qxb8 (21...
Bxb8 22. Qxc6+ $18) 22. Qxc6+ Kf8 23. Nf4 {"For the exchange White has two
pawns and an enormous attack. The vulner- ability of e6 and g6 to knight
sacrifices makes the black position partic- ularly bad." (Hartston 78)} Ra7 (
23... Rxa2 $2 24. Nh4 Qe8 25. Qxc7 {Pytel}) (23... Ne7 $2 24. Nxe6+ (24. Bxe7+
Kxe7 25. Ng5 $18 {Geller}) 24... fxe6 25. Qxe6 Qe8 26. Nh4 $18 {Hartston}) 24.
Nh4 $1 Qe8 $6 (24... Ne7 25. Nxe6+ $1 fxe6 26. Qxe6 Bd8 27. Bxe7+ Bxe7 28. Ng6+
Ke8 29. Qc6+ Kd8 30. Nxh8 $18) 25. Qxe6 $1 $18 fxe6 26. Nhg6+ Qxg6 (26... Kf7
$2 27. Nxh8+ Kf8 28. Nfg6+ $18) 27. Nxg6+ Ke8 28. Nxh8 Ra4 29. Rd1 Ne7 30. Bxe7
Kxe7 31. Ng6+ Kf7 32. Nf4 (32. Nh4 $5 Bxe5 33. Nf3 Bf6 34. h4 Rxa2 35. Kf1 $18
{Geller}) 32... Bxe5 33. dxe5 Rxf4 34. Rc1 $1 Ke8 35. c6 Kd8 36. c7+ Kc8 37. g3
Ra4 (37... Rf5 38. f4 g5 39. a4 $1 gxf4 40. a5 fxg3 41. a6 $1 gxh2+ 42. Kh1 Rf2
43. Ra1 $18 {(Geller 76)}) 38. Rc6 Rxa2 39. Rxe6 g5 40. Rd6 Rd2 41. e6 Kxc7 42.
e7 (42. e7 Re2 43. Rxd5 Rxe7 44. Rxg5 $18) 1-0

[Event "Wellington m"]
[Site "Wellington"]
[Date "1986.??.??"]
[Round "3"]
[White "Chandler, Murray G"]
[Black "Rogers, Ian"]
[Result "1-0"]
[WhiteElo "2535"]
[BlackElo "2515"]
[Annotator "ChessBase"]
[PlyCount "89"]
[EventDate "1986.05.??"]
[EventType "match"]
[EventRounds "4"]
[EventCountry "NZL"]
[SourceTitle "MCL"]
[Source "ChessBase"]
[SourceDate "1999.07.01"]
[SourceVersion "1"]
[SourceVersionDate "1999.07.01"]
[SourceQuality "1"]

1. e4 e6 2. d4 d5 3. Nc3 Bb4 4. e5 Qd7 5. Nf3 b6 6. Bd2 Bf8 7. Bb5 $5 (7. a4)
7... c6 8. Ba4 a5 9. a3 Ba6 10. Ne2 Ne7 11. O-O Bxe2 $5 (11... h5 12. Re1 Nf5
13. c3 Be7 14. Bc2) 12. Qxe2 b5 13. Bb3 a4 14. Ba2 Nc8 15. Ne1 Na6 16. Nd3 Nb6
17. Rae1 Nc4 18. Bc1 Qa7 19. c3 h5 $5 20. Bg5 c5 (20... Be7 21. Bxe7 Qxe7 22.
Bxc4 dxc4 23. Qf3 $36) 21. dxc5 Nxc5 22. Nxc5 (22. Nb4 $5 $14) 22... Bxc5 23.
Kh1 Kd7 $1 24. Bb1 Kc6 25. Bd3 Rab8 26. f4 g6 27. Rf3 Kb6 28. Bf6 Rhe8 29. Rb1
Ka5 $2 (29... Kc6 $13) 30. b4+ $1 axb3 31. Rxb3 Rec8 (31... Kb6 32. Bxc4 dxc4
33. Qxc4 $16) 32. Rf1 Be3 33. Ra1 Bxf4 (33... Nd2 34. Rb2 Nc4 35. Rb4 Bc5 36.
Rbb1) 34. a4 Qe3 (34... bxa4 35. Rxa4+ Kxa4 36. Qa2+ Na3 37. Qxa3#) 35. Rxb5+
$1 (35. axb5+ Kb6 36. Bxc4 dxc4 37. Qa2 $1 Ra8 (37... cxb3 38. Qa7+ Kxb5 39.
Qa6+ Kc5 40. Ra5+ Rb5 41. Qxb5#) 38. Ra3 $16) 35... Ka6 36. Bxc4 dxc4 37. Qb2
Bxe5 38. Qb4 Bc7 39. Bd4 Qf4 40. Bg1 Qe4 41. Rb1 Qd5 (41... Qc6 42. Rc5 Qe4 43.
Rxc7 $1 $18) 42. Bb6 Rxb6 43. Qa5+ Kb7 44. Rxb6+ Bxb6 45. Qxb6+ 1-0

[Event "Baden"]
[Site "Baden"]
[Date "1980.??.??"]
[Round "13"]
[White "Spassky, Boris Vasilievich"]
[Black "Vaganian, Rafael A"]
[Result "1/2-1/2"]
[WhiteElo "2615"]
[BlackElo "2590"]
[Annotator "ChessBase"]
[PlyCount "31"]
[EventDate "1980.??.??"]
[EventType "tourn"]
[EventRounds "15"]
[EventCountry "AUT"]
[EventCategory "12"]
[SourceTitle "MCL"]
[Source "ChessBase"]
[SourceDate "1999.07.01"]
[SourceVersion "1"]
[SourceVersionDate "1999.07.01"]
[SourceQuality "1"]

1. e4 e6 2. d4 d5 3. Nc3 Bb4 4. e5 Ne7 5. a3 Bxc3+ 6. bxc3 b6 7. Nh3 Ng6 $1 (
7... Ba6 $6 8. Bxa6 Nxa6 9. Nf4 Ng6 10. Nh5 $1 $16 {ECO,Suetin}) 8. a4 (8. Nf4)
8... Ba6 9. Bxa6 Nxa6 10. Nf4 Nxf4 11. Bxf4 Nb8 12. Qg4 Rg8 13. h4 Nc6 14. h5
Na5 15. Rh3 Kd7 16. Kf1 1/2-1/2

[Event "URS-ch48 Final"]
[Site "Vilnius"]
[Date "1980.12.??"]
[Round "?"]
[White "Makarichev, Sergey"]
[Black "Vaganian, Rafael A"]
[Result "0-1"]
[WhiteElo "2495"]
[BlackElo "2590"]
[Annotator "ChessBase"]
[PlyCount "98"]
[EventDate "1980.12.25"]
[EventType "tourn"]
[EventRounds "17"]
[EventCountry "LTU"]
[EventCategory "12"]
[SourceTitle "URS-ch"]
[Source "ChessBase"]
[SourceDate "1999.07.01"]
[SourceVersion "1"]
[SourceVersionDate "1999.07.01"]
[SourceQuality "1"]

1. e4 e6 2. d4 d5 3. Nc3 Bb4 4. e5 Ne7 5. a3 Bxc3+ 6. bxc3 b6 7. Qg4 Ng6 8. h4
h5 9. Qd1 Ba6 (9... Nxh4 10. g3 Ng6 11. Rxh5 Rxh5 12. Qxh5 Ba6 13. Bg5 $16) 10.
Bxa6 (10. Bg5 f6 $2 (10... Qc8 11. Bxa6 Nxa6 12. Ne2 c5 13. Rh3 $1 Nb8 14. c4
$1 $16) (10... Ne7 11. Bxa6 Nxa6 12. Ne2 Nb8 13. Nf4 g6 14. Bf6 Rg8 15. g4 $16
{Zuidema-Matanovic,A/Belgrade/1964/}) (10... Qd7 11. Be2 $6 (11. Ne2 $1 $16)
11... Qc6) 11. exf6 gxf6 12. Bxa6 Nxa6 13. Qd3 $18) 10... Nxa6 11. Bg5 Qd7 12.
Ne2 Qc6 (12... Qa4 13. Rh3 $1) 13. Rh3 (13. O-O Nb8 $6 14. f4) (13. f4 Ne7 14.
Bxe7 Kxe7 15. f5 $1 $16) 13... Kd7 (13... Nb8 14. Rd3 Nd7 15. Ng3 f6 $1 $132)
14. Qd3 Qc4 15. Kd2 Rhf8 (15... Raf8 16. Rg3 Nb8 17. Nf4 Nxf4 18. Bxf4 Rfg8 19.
Bg5 Nc6 20. Rf3 Rf8 21. Qxc4 $10 {Makarichev,S-Vaganian,R/URS-ch 1980}) 16. Rg3
Nb8 17. Nf4 Nxf4 18. Bxf4 Rg8 19. Bg5 Nc6 20. Rf3 Raf8 21. Qxc4 dxc4 22. Ke3
Rh8 23. Rd1 Ne7 24. Bxe7 Kxe7 25. d5 exd5 26. Rxd5 Ke6 27. Ke4 Rd8 28. Rd4 c5
29. Rxc4 Rd5 30. Ke3 Rxe5+ 31. Re4 Rxe4+ 32. Kxe4 Rd8 33. Rf5 Rd2 34. Re5+ Kf6
35. Rf5+ Kg6 36. Rf3 f6 37. a4 Kf7 38. a5 bxa5 39. Rf5 a4 40. Ke3 Rd6 41. Rxc5
Ra6 42. Rb5 a3 43. Rb1 a2 44. Ra1 Ra4 45. c4 Ke6 46. Kd4 Kd6 47. f3 Kc6 48. g4
g6 49. f4 f5 0-1

[Event "Bugojno"]
[Site "Bugojno"]
[Date "1986.??.??"]
[Round "5"]
[White "Timman, Jan H"]
[Black "Portisch, Lajos"]
[Result "1/2-1/2"]
[WhiteElo "2645"]
[BlackElo "2610"]
[Annotator "ChessBase"]
[PlyCount "69"]
[EventDate "1986.05.??"]
[EventType "tourn"]
[EventRounds "14"]
[EventCountry "YUG"]
[EventCategory "16"]
[SourceTitle "MCL"]
[Source "ChessBase"]
[SourceDate "1999.07.01"]
[SourceVersion "1"]
[SourceVersionDate "1999.07.01"]
[SourceQuality "1"]

1. d4 e6 2. e4 d5 3. Nc3 Bb4 4. e5 b6 5. Qg4 Bf8 6. Bg5 Qd7 7. f4 Nc6 8. Nf3 (
8. O-O-O Bb7 9. Nge2 Nge7 10. Ng3 h6 11. Bxe7 Nxe7 12. h4 Nf5 $5 $13) 8... Nge7
9. Bxe7 Nxe7 10. Bb5 c6 11. Bd3 h5 12. Qh3 Rh6 $1 13. O-O g6 14. b4 Nf5 15.
Rfb1 Be7 16. a4 Rb8 (16... Kf8 $5 17. a5 $6 c5 $1 18. axb6 cxb4 19. Na4 a5 $17)
17. Ne2 Kf8 18. c3 Kg7 19. a5 Qc7 20. Nd2 c5 21. axb6 axb6 22. Nf1 Bd7 23. Ne3
Nxe3 24. Qxe3 Rhh8 25. Rb2 Ra8 26. Rab1 $1 c4 (26... Bc6 $5 27. dxc5 bxc5 28.
b5 Bb7 $13) 27. Bc2 Ra3 28. Qf3 Qa7 29. Rf1 Ra2 30. Rxa2 Qxa2 31. Bb1 Qd2 32.
Ng3 h4 33. Rf2 Qc1+ 34. Rf1 Qd2 (34... Qb2 35. f5 $1 exf5 36. Nxf5+) 35. Rf2 (
35. Rf2 Qc1+ 36. Rf1 Qb2 37. f5 $1 gxf5 38. Nxf5+ exf5 39. Bxf5 Bxf5 40. Qxf5
Rf8 41. Qd7 $1 Bg5 42. e6 Qe2 43. Rxf7+ Rxf7 44. Qxf7+ Kh6 45. Qf8+ Kh5 46.
Qf7+ $10) 1/2-1/2